000 00990 a2200253 4500
003 Nust
005 20220816174515.0
010 _a 2005044112
020 _a0387240659 (alk. paper)
020 _a0387240667 (ebook)
040 _cNust
082 0 0 _a621.3821,GIA
100 1 _aGiambene, Giovanni,
_997513
245 1 0 _aQueuing theory and telecommunications :
_bnetworks and applications /
_cby Giovanni Giambene.
260 _aNew York :
_bSpringer,
_cc2005.
300 _axvii, 585 p. :
_bill. ;
_c25 cm.
505 _aPart 1:- Telecommunication Networks (Page-1), Part 2:- Queuing Theory and Applications (Page-235).
650 0 _aQueuing theory.
_982565
650 0 _aSignal theory (Telecommunication)
_934578
650 0 _aTelecommunication Engineering
856 4 2 _3Publisher description
_uhttp://www.loc.gov/catdir/enhancements/fy0663/2005044112-d.html
856 4 2 _3Table of contents only
_uhttp://www.loc.gov/catdir/enhancements/fy0819/2005044112-t.html
942 _cREF
_2ddc
999 _c178669
_d178669